Estatísticas para Maiores campeões da Communited Shield (SUPERCOPA DA INGLATERRA)

Clique aqui para jogar o quiz

Estatísticas Gerais

  • Esse quiz foi jogado 44 vezes
  • A pontuação média é 7 de 8

Estatísticas das Respostas

Nº de TitulosClube% Correto
16Arsenal
100%
16Liverpool
100%
6Manchester City
100%
21Manchester United
100%
4Chelsea
95%
9Everton
78%
7Tottenham
78%
4Wolverhampton
5%

Distribuição das Pontuações

Percentil de Números Respondidos

Porcentagem de Pessoas com Cada Pontuação

Sua Pontuação Histórica

Você não jogou esse quiz